¿Gestionar la diversidad o la diferencia? Interculturalidad y educación en España e interculturalidad y salud en EEUU (Record no. 177627)
[ view plain ]
| 000 -CABECERA | |
|---|---|
| campo de control de longitud fija | 01536nab a2200277 a 4500 |
| 005 - FECHA Y HORA DE LA ÚLTIMA TRANSACCIÓN | |
| campo de control | 20260303125300.0 |
| 008 - ELEMENTOS DE LONGITUD FIJA--INFORMACIÓN GENERAL | |
| campo de control de longitud fija | 991125c2015 sp qr p o 000 0 spa d |
| 035 ## - NÚMERO DE CONTROL DEL SISTEMA | |
| Número de control de sistema | UPN01000205526 |
| 040 ## - FUENTE DE LA CATALOGACIÓN | |
| Centro catalogador/agencia de origen | MX-MxUPN |
| Lengua de catalogación | spa |
| Centro/agencia transcriptor | MX-MxUPN |
| Normas de descripción | aacr2 |
| 049 ## - COLECCIÓN | |
| Colección | ART-E |
| 100 1# - ASIENTO PRINCIPAL--NOMBRE PERSONAL | |
| Nombre de persona | Martínez Chicón, Raquel |
| 100 1# - ASIENTO PRINCIPAL--NOMBRE PERSONAL | |
| Nombre de persona | Olmos Alcaraz, Antonia |
| 245 10 - MENCIÓN DE TÍTULO | |
| Título | ¿Gestionar la diversidad o la diferencia? Interculturalidad y educación en España e interculturalidad y salud en EEUU |
| 506 0# - NOTA DE RESTRICCIONES AL ACCESO | |
| Limitaciones de acceso | Acceso abierto |
| 520 3# - NOTA DE RESUMEN, ETC. | |
| Sumario, etc. | A través de varias investigaciones con una misma unidad de análisis: la gestión de la diversidad cultural y la construcción de la diferencia; de dos contextos: España y Estados Unidos; y de dos ámbitos de gestión política e intervención: educación y sanidad, podremos observar cómo existen lógicas y dinámicas que, creando y reproduciendo diferencias y fronteras étnico-culturales, generan desigualdad entre colectivos que continúan siendo reiteradamente esencializados. Y todo ello bajo el paraguas de procesos de reconocimiento de la diversidad cultural definidos como “interculturales”. |
| 650 #2 - ASIENTO SECUNDARIO DE MATERIA - TERMINO TEMATICO | |
| Término de materia o nombre geográfico como elemento de entrada | Diversidad |
| 9 (RLIN) | 15705 |
| 650 #4 - ASIENTO SECUNDARIO DE MATERIA - TERMINO TEMATICO | |
| Término de materia o nombre geográfico como elemento de entrada | Educación |
| 9 (RLIN) | 682 |
| 653 0# - TERMINO DE INDIZACION - NO CONTROLADO | |
| Término no controlado | Etnografía multisituada |
| 653 0# - TERMINO DE INDIZACION - NO CONTROLADO | |
| Término no controlado | Interculturalidad |
| 653 0# - TERMINO DE INDIZACION - NO CONTROLADO | |
| Término no controlado | Sanidad |
| 773 ## - ENLACE AL DOCUMENTO FUENTE/ENTRADA DE REGISTRO ANFITRIÓN | |
| Parte(s) relacionada(s) | No. 66 (2015), p. 62-82 |
| Título | Aposta : revista de ciencias sociales |
| Número Internacional Normalizado para Publicaciones Seriadas | 1696-7348 |
| 856 4# - LOCALIZACIÓN Y ACCESO ELECTRÓNICOS | |
| Identificador Uniforme del Recurso | <a href="https://www.apostadigital.com/revistav3/hemeroteca/rchicon.pdf">https://www.apostadigital.com/revistav3/hemeroteca/rchicon.pdf</a> |
| 902 ## - ELEMENTOS DE DATOS B LOCAL, LDB (RLIN) | |
| Creó | Gloria Jiménez/030326 |
| 905 ## - TIPO DE MATERIAL | |
| Tipo de material | Articulo |
| 942 ## - ELEMENTOS DE PUNTO DE ACCESO ADICIONAL (KOHA) | |
| Tipo de ítem Koha | Artículo Electrónico |
| Estado de retiro | Estado de pérdida | Estado dañado | No para préstamo | Código de colección | Localización permanente | Ubicación/localización actual | Ubicación en estantería | Fecha de adquisición | Total de préstamos | Fecha visto por última vez | Identificador Uniforme del Recurso | Precio válido a partir de | Tipo de ítem Koha |
|---|---|---|---|---|---|---|---|---|---|---|---|---|---|
| Acceso abierto | Bib. Gregorio Torres Quintero | Bib. Gregorio Torres Quintero | En línea | 03/03/2026 | 03/03/2026 | https://www.apostadigital.com/revistav3/hemeroteca/rchicon.pdf | 03/03/2026 | Artículo Electrónico |
